| 000 | 01590cam a22003251i 4500 | ||
|---|---|---|---|
| 003 | SA-RiAUC | ||
| 005 | 20241221155107.0 | ||
| 008 | 241220s1984 mr f 000 0dara c | ||
| 040 |
_aSA-JeALM _bara _cSA-RiAUC _erda |
||
| 050 | 4 | _b.A23 1984 | |
| 082 | 0 | 4 |
_a225.4 _qSA-RiAUC |
| 090 |
_a225.4 _bع ب د |
||
| 100 | 1 |
_aعبد الرحمن، عائشة، _d1913-1998 _eمؤلف. |
|
| 245 | 1 | 2 |
_aالإعجاز البياني للقرآن ومسائل ابن الأزرق : _bدراسة قرآنية لغوية وبيانية / _cعائشة عبد الرحمن. |
| 250 | _aالطبعة الثانية، مزيدة ومنقحة. | ||
| 264 | 1 |
_aالقاهرة : _bدار المعارف، _c1987 |
|
| 300 | _a616 صفحة. | ||
| 336 |
_aنص _btxt _2rdacontent _3كتاب |
||
| 337 |
_aبدون وسيط _bn _2rdamedia |
||
| 338 |
_aمجلد _bnc _2rdacarrier |
||
| 490 | 0 |
_aمكتبة الدراسات القرآنية ؛ _v1 |
|
| 600 | 1 | 7 |
_aابن الأزرق، نافع بن الأزرق بن قيس، _dتوفي 65 هجري _xآراء حول بلاغة القرآن _2aucnm |
| 630 | 2 | 7 |
_aالقرآن _xبلاغة _2aucut |
| 630 | 2 | 7 |
_aالقرآن _xإعجاز لغوي _2aucut |
| 630 | 2 | 7 |
_aالقرآن _xلغة، أسلوب _2aucut |
| 700 | 1 | 2 |
_iشرح لـ (عمل) : _aابن الأزرق، نافع بن الأزرق بن قيس، _dتوفي 65 هجري. _tغريب القرآن في شعر العرب : سؤالات نافع بن الأزرق إلى عبد الله بن عباس |
| 730 | 2 | _aالقرآن | |
| 942 |
_2ddc _cBOOK _n0 |
||
| 949 |
_aSA-JeALM _d241220 _uosman123 _n1 |
||
| 999 |
_c3745 _d3745 |
||